000 00469nam a2200169Ia 4500
008 240729s9999 xx 000 0 und d
022 _a2610-9182
245 0 _aEmerging Science Journal
260 _aItaly
260 _bItal Publication
650 _a Social sciences (General)
650 _a Technology (General) | Social Sciences
650 _aTechnology
856 _uhttps://doaj.org/toc/e81cb51714524776a266f2364c624b68
942 _2ddc
942 _cDOAJEJ
999 _c68087
_d68087
945 _a1
_bMadushi Gamage
_c1
_dMadushi Gamage